Type the Letters of the Alphebet - Statistics

General Stats
  • This quiz has been taken 568 times
  • The average score is 22 of 26
Answer Stats
Answer % Correct
E
97%
A
93%
D
93%
B
92%
C
91%
G
91%
I
91%
F
90%
H
90%
J
90%
Q
89%
R
89%
K
88%
L
87%
O
87%
P
85%
T
85%
U
85%
S
84%
M
83%
W
83%
N
82%
Y
80%
V
77%
X
74%
Z
74%
No matching quizzes found
Score Distribution
Percent of People with Each Score
Percentile by Number Answered
Your Score History
You have not taken this quiz